Statistics for Most Popular US Sports

Click here to take the quiz!

General Stats

  • This quiz has been taken 76 times
  • The average score is 7 of 10

Answer Stats

RankAnswer% Correct
1American Football
100%
2Baseball
100%
3Basketball
98%
5Soccer
94%
4Ice Hockey
85%
6Tennis
79%
7Golf
77%
8Wrestling
39%
10Badminton
24%
9Motor Sports
20%

Score Distribution

Percentile by Number Answered

Percent of People with Each Score

Your Score History

You have not taken this quiz